[Event "Novi Sad TS GM/IM Mix 189th"]
[Site "Novi Sad"]
[Date "2024.03.01"]
[Round "2"]
[White "Agibileg, Uurtsaikh"]
[Black "Levitan, Caleb Levi"]
[Result "1/2-1/2"]
[WhiteElo "2445"]
[BlackElo "2265"]
[PlyCount "75"]
[EventDate "2024.02.29"]
[EventType "swiss"]
[EventRounds "9"]
[EventCountry "SRB"]
[SourceTitle "CB12_2024"]
[SourceDate "2023.10.01"]
[SourceVersion "1"]
[SourceVersionDate "2023.10.01"]
[SourceQuality "1"]

1. d4 d5 2. c4 e6 3. Nc3 a6 4. cxd5 exd5 5. Bf4 Nf6 6. e3 c5 7. Bd3 Nc6 8. Nge2 cxd4 9. Nxd4 Bc5 10. Nxc6 bxc6 11. 0-0 0-0 12. Rc1 Bd6 13. Ne2 c5 14. b3 Bb7 15. Qc2 Rc8 16. Rfd1 g6 17. Qb2 Bxf4 18. Nxf4 Qb6 19. h4 a5 20. h5 a4 21. Qe5 axb3 22. axb3 Qd8 23. hxg6 hxg6 24. Bc4 Ng4 25. Qb2 d4 26. exd4 Qd6 27. Qd2 g5 28. Be2 Nxf2 29. Kxf2 gxf4 30. dxc5 Qg6 31. Rg1 Qg3+ 32. Kf1 Rfe8 33. Bc4 Rcd8 34. Qb2 Be4 35. Rh1 Bd3+ 36. Bxd3 Qxd3+ 37. Kg1 Qe3+ 38. Kf1 1/2-1/2

[Event "Titled Tuesday intern op 13th Feb Early"]
[Site "Chess.com INT"]
[Date "2024.02.13"]
[Round "11"]
[White "Agibileg, Uurtsaikh"]
[Black "Maltsevskaya, Aleksandra"]
[Result "1-0"]
[WhiteElo "2445"]
[BlackElo "2374"]
[PlyCount "79"]
[EventDate "2024.02.13"]
[EventType "swiss (blitz)"]
[EventRounds "11"]
[EventCountry "USA"]
[SourceTitle "CB08_2024"]
[SourceDate "2024.02.21"]
[SourceVersion "1"]
[SourceVersionDate "2024.02.21"]
[SourceQuality "1"]

1. d4 Nf6 2. c4 g6 3. Nc3 Bg7 4. e4 d6 5. Be2 0-0 6. Nf3 e5 7. 0-0 Nc6 8. d5 Ne7 9. Nd2 Ne8 10. b4 f5 11. c5 f4 12. Bg4 h5 13. Bxc8 Rxc8 14. f3 g5 15. Nc4 Ng6 16. Ba3 g4 17. b5 Qg5 18. Kh1 Nh4 19. Qe2 Rf7 20. Rac1 Bf8 21. b6 axb6 22. cxb6 cxb6 23. Nxb6 Rd8 24. Nb5 Rg7 25. Nc8 Qf6 26. Nb6 Kh7 27. Bb4 Qg5 28. a4 Nf6 29. Nc7 Re8 30. Nxe8 Nxe8 31. Rc8 Qg6 32. Be1 g3 33. h3 Be7 34. Bb4 Nf6 35. Rc7 Kh6 36. Rxb7 Nh7 37. Nc8 Bf8 38. Rxg7 Kxg7 39. a5 Ng5 40. Rg1 1-0

[Event "Titled Tuesday intern op 16th Jan Late"]
[Site "Chess.com INT"]
[Date "2024.01.16"]
[Round "4"]
[White "Urbina Perez, Juan Antonio"]
[Black "Agibileg, Uurtsaikh"]
[Result "0-1"]
[WhiteElo "2266"]
[BlackElo "2445"]
[PlyCount "44"]
[EventDate "2024.01.16"]
[EventType "swiss (blitz)"]
[EventRounds "11"]
[EventCountry "USA"]
[SourceTitle "CB04_2024"]
[SourceDate "2023.10.16"]
[SourceVersion "1"]
[SourceVersionDate "2023.10.16"]
[SourceQuality "1"]

1. e4 e5 2. Nf3 Nc6 3. Bc4 Nf6 4. d3 h6 5. 0-0 d6 6. a3 g5 7. Nc3 Bg7 8. Nd5 Bg4 9. c3 Qd7 10. Nxf6+ Bxf6 11. d4 exd4 12. cxd4 Nxd4 13. Be3 Nxf3+ 14. gxf3 Be6 15. Qb3 Bxc4 16. Qxc4 0-0 17. Rac1 c6 18. b4 Qh3 19. f4 Qg4+ 20. Kh1 Qf3+ 21. Kg1 gxf4 22. Bd4 Kh7 0-1

[Event "Titled Tuesday intern op 19th Dec Early"]
[Site "Chess.com INT"]
[Date "2023.12.19"]
[Round "4"]
[White "Kamsky, Gata"]
[Black "Agibileg, Uurtsaikh"]
[Result "1-0"]
[WhiteElo "2634"]
[BlackElo "2445"]
[PlyCount "61"]
[EventDate "2023.12.19"]
[EventType "swiss (blitz)"]
[EventRounds "11"]
[EventCountry "USA"]
[SourceTitle "CB52_2023"]
[SourceDate "2023.12.27"]
[SourceVersion "1"]
[SourceVersionDate "2023.12.27"]
[SourceQuality "1"]

1. d4 Nf6 2. Bf4 e6 3. e3 b6 4. Nf3 Bb7 5. a4 a6 6. h3 c5 7. Nbd2 Be7 8. Bd3 0-0 9. 0-0 d6 10. Bh2 Nc6 11. Re1 Rc8 12. c3 d5 13. Qe2 Bd6 14. Bxd6 Qxd6 15. e4 dxe4 16. Nxe4 Nxe4 17. Qxe4 g6 18. dxc5 Qxc5 19. Qh4 Qe7 20. Ng5 h5 21. g4 Rfd8 22. Be4 Kg7 23. gxh5 Rh8 24. Bxg6 fxg6 25. Rxe6 Rxh5 26. Rxe7+ Nxe7 27. Qd4+ Kg8 28. f4 Nf5 29. Qd7 Rc4 30. Qf7+ Kh8 31. Qf8# 1-0

[Event "Titled Tuesday intern op 12th Dec Early"]
[Site "Chess.com INT"]
[Date "2023.12.12"]
[Round "11"]
[White "Klukin, Kirill"]
[Black "Agibileg, Uurtsaikh"]
[Result "1-0"]
[WhiteElo "2390"]
[BlackElo "2445"]
[PlyCount "141"]
[EventDate "2023.12.12"]
[EventType "swiss (blitz)"]
[EventRounds "11"]
[EventCountry "USA"]
[SourceTitle "CB51_2023"]
[SourceDate "2023.12.20"]
[SourceVersion "1"]
[SourceVersionDate "2023.12.20"]
[SourceQuality "1"]

1. Nf3 Nf6 2. d4 g6 3. e3 Bg7 4. Be2 0-0 5. 0-0 b6 6. b3 Bb7 7. Bb2 d6 8. c4 Ne4 9. Nc3 Nxc3 10. Bxc3 Nd7 11. Rc1 e5 12. dxe5 dxe5 13. Qc2 Qe7 14. Rfd1 Nc5 15. Qb2 Rfe8 16. Ne1 Rad8 17. Qa1 a5 18. Bf3 Bxf3 19. Nxf3 Nd3 20. Rc2 f5 21. Rcd2 e4 22. Bxg7 Qxg7 23. Qxg7+ Kxg7 24. Ne1 Rd6 25. Nxd3 Red8 26. f3 exd3 27. Kf2 Kf6 28. f4 h6 29. Kf3 g5 30. h3 c6 31. g4 gxf4 32. exf4 Rd4 33. Re1 b5 34. cxb5 cxb5 35. Re5 Rxf4+ 36. Kxf4 Rd4+ 37. Ke3 Kxe5 38. gxf5 Rh4 39. Kxd3 Rd4+ 40. Ke3 Rxd2 41. Kxd2 Kxf5 42. Ke3 Kg5 43. Kf3 Kh4 44. Kg2 b4 45. Kh2 Kg5 46. Kg3 Kf5 47. Kf3 Ke5 48. Ke3 Kd5 49. Kd3 Ke5 50. Ke3 h5 51. h4 Kf5 52. Kf3 Ke5 53. Ke3 Kd5 54. Kd3 Kc5 55. Ke4 a4 56. Ke5 Kc6 57. Kd4 axb3 58. axb3 Kb5 59. Kd5 Kb6 60. Kc4 Ka5 61. Kc5 Ka6 62. Kxb4 Kb6 63. Kc4 Kc6 64. Kd4 Kb5 65. Ke5 Kb4 66. Kf5 Kxb3 67. Kg5 Kc4 68. Kxh5 Kd5 69. Kg6 Ke6 70. h5 Ke7 71. Kg7 1-0